000 00346nam a22001577a 4500
003 SGT
020 _a978-81-312-6813-1
082 _a615
_bTAY
100 _aTAYLOR, KEVIN M. G.
245 _aAULTON'S PHARMACEUTICS
250 _a6TH
260 _aINDIA
_bELSEVIER PUB.
_c2022
300 _a946
650 _aPHARMACEUTICS
942 _2ddc
_cBK
999 _c33047
_d33047